000 00727nam a22001811i 4500
001 181571
003 ES-MaACL
005 20250909175453.0
008 130218s1851 sp |||| | spa d
245 0 3 _aLa estrella caída
_b: novela /
_ctraducida del inglés por D. Nemesio Fernández Cuesta.
260 _aMadrid :
_b[s.n.],
_c1851 (
_fTip. Andrés Peña)
300 _a47 p. ;
_c24 cm.
490 1 _aObras Políticas, económicas y sociales de Don Nemesio Fernández Cuesta
700 1 _aFernández Cuesta, Nemesio,
_d1818-1893
_949614
830 0 _aObras políticas, económicas y sociales de Nemesio Fernández Cuesta
_9224740
852 _aES-MaACL
_jZ-1-F-12
_xOlim: 1503-F-8
999 _c181571
_d181571